000 00529nam a2200217Ia 4500
003 OSt
005 20220926044707.0
006 a|||||r|||| 00| 0
007 ta
008 220923b |||||||| |||| 00| 0 eng d
037 _cGeneral Book
040 _aRTL
_cRTL
_beng
041 _2eng
_aeng
082 _aV2.N4, H5 D&W
100 _aDeb J M
_9349341
245 0 _aBlood and tears
260 _c1945
650 _aIndian Histroy
942 _hV2.N4, H5 D&W
_cGB
_2CC
999 _c675554
_d675554